Afrikaanse Odyssee / (Record no. 790356)

MARC details
000 -LEADER
fixed length control field 00619nam a22002177b 4500
003 - CONTROL NUMBER IDENTIFIER
control field 3228
005 - DATE AND TIME OF LATEST TRANSACTION
control field 20251208115701.0
008 - FIXED-LENGTH DATA ELEMENTS--GENERAL INFORMATION
fixed length control field 251208b sa ||||| |||| 00| 1 AFR d
020 ## - INTERNATIONAL STANDARD BOOK NUMBER
International Standard Book Number (hardback)
040 ## - CATALOGING SOURCE
Original cataloging agency MPL
Language of cataloging eng
Transcribing agency 2000
Description conventions Resource Description and Access
041 ## - LANGUAGE CODE
Language code of text/sound track or separate title Afrikaans
082 #0 - DEWEY DECIMAL CLASSIFICATION NUMBER
Classification number AF VANW
100 ## - MAIN ENTRY--PERSONAL NAME
9 (RLIN) 198139
Personal name Van Wyk, Schalk
Relator term author
245 ## - TITLE STATEMENT
Title Afrikaanse Odyssee /
Statement of responsibility, etc. Schalk van Wyk
260 ## - PUBLICATION, DISTRIBUTION, ETC.
Place of publication, distribution, etc. Johannesburg :
Name of publisher, distributor, etc. Voortrekkerpers ,
Date of publication, distribution, etc. 1968.
300 ## - PHYSICAL DESCRIPTION
Extent 182 pages :
Other physical details jacket ;
Dimensions 21 cm
655 #0 - INDEX TERM--GENRE/FORM
9 (RLIN) 189056
Genre/form data or focus term Afrikaans Fiction
655 #0 - INDEX TERM--GENRE/FORM
9 (RLIN) 188659
Genre/form data or focus term Adventure Stories
655 #0 - INDEX TERM--GENRE/FORM
9 (RLIN) 189695
Genre/form data or focus term Travel Fiction
942 ## - ADDED ENTRY ELEMENTS
Source of classification or shelving scheme Dewey Decimal Classification
item type Books
-- 296
-- Phillipina Naude
-- 296
-- Phillipina Naude
Holdings
Withdrawn status Lost status Source of classification or shelving scheme Damaged status Not for loan Collection code Home library Current library Shelving location Date acquired Total Checkouts Full call number Barcode Date last seen Price effective from item type Public note
    Dewey Decimal Classification     Fiction Klipfontein PL (MMID-PLEM-KLIP) Klipfontein PL (MMID-PLEM-KLIP) Fiction 08.12.2025   AF VANW 65406 08.12.2025 08.12.2025 Books D105642